Thinking Arabic translation : (Record no. 24250)
[ view plain ]
| 000 -LEADER | |
|---|---|
| fixed length control field | 01139cam a22003255a 4500 |
| 001 - CONTROL NUMBER | |
| control field | 12851391 |
| 003 - CONTROL NUMBER IDENTIFIER | |
| control field | EG-ScBUE |
| 005 - DATE AND TIME OF LATEST TRANSACTION | |
| control field | 20220627095004.0 |
| 008 - FIXED-LENGTH DATA ELEMENTS--GENERAL INFORMATION | |
| fixed length control field | 020712s2002 enka f b 001 0 eng d |
| 020 ## - INTERNATIONAL STANDARD BOOK NUMBER | |
| International Standard Book Number | 9780415250658 (pbk. : alk. paper) |
| 040 ## - CATALOGING SOURCE | |
| Original cataloging agency | DLC |
| Language of cataloging | eng |
| Description conventions | rda |
| Transcribing agency | DLC |
| Modifying agency | DLC |
| -- | EG-ScBUE |
| 041 0# - LANGUAGE CODE | |
| Language code of text/sound track or separate title | eng |
| -- | ara |
| 082 04 - DEWEY DECIMAL CLASSIFICATION NUMBER | |
| Classification number | 428.02927 |
| Item number | DIC |
| Edition number | 22 |
| 100 1# - MAIN ENTRY--PERSONAL NAME | |
| Personal name | Dickins, J. |
| Fuller form of name | (James) |
| Relator term | author. |
| 245 10 - TITLE STATEMENT | |
| Title | Thinking Arabic translation : |
| Remainder of title | a course in translation method : Arabic to English / |
| Statement of responsibility, etc | James Dickins, Sandor Hervey, Ian Higgins. |
| 264 #1 - PUBLICATION, DISTRIBUTION, ETC. (IMPRINT) | |
| Place of publication, distribution, etc | London ; |
| -- | New York : |
| Name of publisher, distributor, etc | Routledge, |
| Date of publication, distribution, etc | 2002. |
| 300 ## - PHYSICAL DESCRIPTION | |
| Extent | x, 256 pages : |
| Other physical details | illustrations ; |
| Dimensions | 24 cm |
| 336 ## - CONTENT TYPE | |
| Source | rdacontent |
| Content type term | text |
| Content type code | txt |
| 337 ## - MEDIA TYPE | |
| Source | rdamedia |
| Media type term | unmediated |
| Media type code | n |
| 338 ## - CARRIER TYPE | |
| Source | rdacarrier |
| Carrier type term | volume |
| Carrier type code | nc |
| 504 ## - BIBLIOGRAPHY, ETC. NOTE | |
| Bibliography, etc | Includes bibliographical references and index.<br/> |
| 546 ## - LANGUAGE NOTE | |
| Language note | Text in English and Arabic. |
| 650 #7 - SUBJECT ADDED ENTRY--TOPICAL TERM | |
| Topical term or geographic name as entry element | Arabic language |
| General subdivision | Translating into English. |
| Source of heading or term | BUEsh |
| 651 ## - SUBJECT ADDED ENTRY--GEOGRAPHIC NAME | |
| Source of heading or term | BUEsh |
| 653 ## - INDEX TERM--UNCONTROLLED | |
| Resource For college | Humanities: English |
| Arrived date list | February2017 |
| 655 ## - INDEX TERM--GENRE/FORM | |
| Form subdivision | Reading book |
| 9 (RLIN) | 34232 |
| 700 1# - ADDED ENTRY--PERSONAL NAME | |
| Personal name | Hervey, Sandor G. J., |
| Relator term | author. |
| 700 1# - ADDED ENTRY--PERSONAL NAME | |
| Personal name | Higgins, Ian, |
| Relator term | author. |
| 942 ## - ADDED ENTRY ELEMENTS (KOHA) | |
| Source of classification or shelving scheme | Dewey Decimal Classification |
| Koha item type | Book - Borrowing |
| Withdrawn status | Lost status | Source of classification or shelving scheme | Damaged status | Not for loan | Collection code | Home library | Current library | Shelving location | Date acquired | Source of acquisition | Total Checkouts | Total Renewals | Full call number | Barcode | Date last seen | Date checked out | Price effective from | Koha item type |
|---|---|---|---|---|---|---|---|---|---|---|---|---|---|---|---|---|---|---|
| Dewey Decimal Classification | Baccah | Central Library | Central Library | Second Floor | 25/02/2017 | Purchase | 1 | 1 | 428.02927 DIC | 000041211 | 15/07/2025 | 25/11/2018 | 25/02/2017 | Book - Borrowing | ||||
| Dewey Decimal Classification | Baccah | Central Library | Central Library | Second Floor | 25/02/2017 | Purchase | 428.02927 DIC | 000041212 | 15/07/2025 | Book - Borrowing |